000 00302nam a2200109Ia 4500
008 220204s9999 xx 000 0 und d
082 _a336.216.4
_bCHA
100 _aCHACKO, B J
245 0 _aNon resident Indian's guide on taxation and investment
260 _aCochin
_bSantony rupind
_c1979
942 _cBK
999 _c36029
_d36029